01535nam a22002417a 450000500170000000800410001702000180005804000070007604100120008308200210009510000250011624500430014126000550018430000230023936500600026252007010032265000270102365000190105065000200106994200120108999900190110195201730112020260128130924.0230726b ||||| |||| 00| 0 eng d a9780143456544 cAL aEnglish 223a820.33bGUPH aAkshat Gupta9252969 aHidden Hindub : Book 2 of the Trilogy aHaryanabPenguin Random House India Pvt Ltd c2022 a300pbPBc20x13 cm aBLCR-000024b₹239.00c₹d₹299.00e20%f14-07-2023 aThe first battle is lost. The book of Mritsanjeevani is in the wrong hands but Nagendra’s plans are not limited only to immortality. What seemed to be the end of all wars was just the beginning of an incredible journey in search of a hidden verse. Om is still incomplete without the knowledge of his past, but he is not alone anymore. Two of the mightiest warriors of all time stand by his side. Two mysterious warriors stand unconditionally with Nagendra too or is there a hidden agendas behind all the allies? Who are LSD and Parimal in real and who is Om? Tighten your seat belts for an adventure in search of words that hold a bigger purpose than even immortality for Divinities and Demons. aIndian Fiction9128407 aBook 29128408 aTrilogy9128409 2ddccBK c228137d228137 00102ddc40708GENaALbALd2023-07-20eNavakarnataka Publications Pvt Ltdg239.00l2m1o820.33 GUPHp076584r2026-02-12 08:43:11s2026-02-07v299.00w2023-07-26yBK